Statistics for Outlander

Click here to take the quiz!

General Stats

  • This quiz has been taken 698 times
  • The average score is 8 of 15

Answer Stats

HintAnswer% Correct
What Claire did in World War IInurse
98%
The last name of Claire's first husbandRandall
90%
Number of years Claire is away from Frank3
88%
Dougal's last nameMacKenzie
85%
Who volunteers to take Laoghaire's beating for her in hall?Jamie
82%
How many siblings did Dougal have?5
78%
Where are Claire and Frank having a second honeymoon?Inverness
71%
What is the name of Jamie's estate?Lallybroch
66%
Jamie's fake last name when Claire meets himMacTavish
49%
What animal does Claire kill after she leaves Wentworth Prison?wolf
40%
What is the name of Clan MacKenzie's lawyer?Ned Gowan
30%
What did Geillis kill her husband with?cyanide
22%
What is the name of Jamie's horse?Donas
14%
What did Claire find under her pillow at Castle Leoch?an ill-wish
8%
Name of the church where Claire is married twiceSt. Kilda
4%

Score Distribution

Percentile by Number Answered

Percent of People with Each Score

Your Score History

You have not taken this quiz